All Countries (20) for emojis flags but it was in Samsung - Statistics

General Stats
  • This quiz has been taken 52 times
  • The average score is 5 of 8
Answer Stats
Flag Country % Correct
France
91%
United States
83%
United Kingdom
79%
China
77%
Australia
68%
Switzerland
51%
Vatican City
38%
Papua New Guinea
32%
No matching quizzes found
Score Distribution
Percent of People with Each Score
Percentile by Number Answered
Your Score History
You have not taken this quiz